[Event "13th World Teams Pool A"]
[Site "Jerusalem ISR"]
[Date "2022.11.20"]
[Round "2.3"]
[Board "1"]
[White "Van Foreest, Jorden"]
[Black "Vachier-Lagrave, Maxime"]
[Result "0-1"]
[WhiteTitle "GM"]
[BlackTitle "GM"]
[WhiteElo "2690"]
[BlackElo "2736"]
[WhiteTeam "Netherlands"]
[BlackTeam "France"]
[WhiteFideId "1039784"]
[BlackFideId "623539"]
[EventDate "2022.11.20"]

1. d4 Nf6 2. c4 g6 3. Nc3 d5 4. cxd5 Nxd5 5. e4 Nxc3 6. bxc3 Bg7 7. Bc4 c5 8.
Ne2 O-O 9. Be3 Nc6 10. h4 cxd4 11. cxd4 Na5 12. Bd5 h5 13. a4 Bd7 14. O-O Rc8
15. Bg5 Bc6 16. Nf4 Bxd5 17. Nxd5 Nc6 18. Rc1 Kh7 19. Rc4 Qd7 20. Re1 Rfd8 21.
f3 f6 22. Be3 f5 23. Bg5 fxe4 24. fxe4 Rf8 25. Be3 e6 26. Nb4 Nxb4 27. Rxb4 Qe7
28. Rb3 Qxh4 29. Rxb7 Qg3 30. Re2 Rc7 31. Rxc7 Qxc7 32. Rf2 Rd8 33. Qb3 Rxd4 34.
Qxe6 Rd7 35. Bf4 Qd8 36. Rf1 Re7 37. Qd6 Qxd6 38. Bxd6 Rxe4 39. Bc5 a5 40. Rf7
Kh6 41. Bb6 Bd4+ 42. Bxd4 Rxd4 43. Rc7 Rxa4 44. Rc5 Ra3 45. Kh2 h4 46. Rc4 Kh5
47. Rc5+ g5 48. Rd5 a4 49. Ra5 Kg4 50. Rc5 Ra1 51. Rc4+ Kf5 52. Rc5+ Kg6 53.
Rc6+ Kh5 54. Rc8 Rb1 55. Rh8+ Kg4 56. Ra8 Rb4 57. Ra5 Kf4 58. Ra8 g4 59. Rh8 Ke3 0-1

[Event "13th World Teams Pool A"]
[Site "Jerusalem ISR"]
[Date "2022.11.20"]
[Round "2.3"]
[Board "2"]
[White "Moussard, Jules"]
[Black "Van Foreest, Lucas"]
[Result "1/2-1/2"]
[WhiteTitle "GM"]
[BlackTitle "GM"]
[WhiteElo "2676"]
[BlackElo "2585"]
[WhiteTeam "France"]
[BlackTeam "Netherlands"]
[WhiteFideId "642908"]
[BlackFideId "1039792"]
[EventDate "2022.11.20"]

1. e4 e5 2. Nf3 Nc6 3. Bc4 Nf6 4. d3 Bc5 5. O-O O-O 6. h3 d6 7. c3 a5 8. Re1 Be6
9. Bb5 Ba7 10. Be3 Bxe3 11. Rxe3 Ne7 12. d4 c6 13. Bf1 Ng6 14. c4 a4 15. Nc3 Qa5
16. Qd2 h6 17. Rc1 Rfd8 18. d5 cxd5 19. Nxd5 Nd7 20. Nc3 Nc5 21. Rd1 Bd7 22. Nb5
Qxd2 23. Rxd2 Bxb5 24. cxb5 Rac8 25. g3 Nf8 26. h4 Nfe6 27. Kg2 Kf8 28. Rc2 Nd7
29. Rd2 Ke7 30. Be2 Nb6 31. b3 axb3 32. axb3 Rc1 33. h5 Nd7 34. Ra2 Nf6 35. Ra7
Rd7 36. b6 Ng4 37. Rd3 Nc5 38. Rd1 Rxd1 39. Bxd1 Nxe4 40. b4 Nc3 41. Bc2 e4 42.
Nd4 Ne5 43. Ra3 Nd5 44. Bxe4 Nxb6 45. Ra7 d5 46. Bf5 Nc8 47. Ra8 Nb6 48. Ra7 Nc8
49. Ra5 Rd8 50. Bxc8 Rxc8 51. Rxd5 Nc6 52. Rc5 Kd7 53. Rd5+ Ke7 54. Nf5+ Kf6 55.
g4 Nxb4 56. Rb5 Nd3 57. Kg3 Nc5 58. Nd6 Rc6 59. Ne8+ Ke5 60. Nxg7 Kd4 61. Nf5+
Kc4 62. Rb1 Ne4+ 63. Kf4 Nc5 64. f3 b5 65. Ne3+ Kd3 66. Nd5 Kc4 67. Ne3+ Kd3 68.
Nf5 Rb6 69. Ke5 Nd7+ 70. Kd5 Nf6+ 71. Kc5 Nd7+ 72. Kd5 Nf6+ 73. Kc5 Nd7+ 74. Kb4
Ne5 75. Re1 Re6 76. Kxb5 Nxf3 77. Rxe6 fxe6 78. Nxh6 Ng5 79. Kc5 Ke4 80. Kd6 Kf4
81. Ke7 e5 82. Kf6 e4 83. Nf5 Kxg4 84. Kg6 Ne6 85. Ne3+ Kf3 86. Nc4 Nf4+ 1/2-1/2

[Event "13th World Teams Pool A"]
[Site "Jerusalem ISR"]
[Date "2022.11.20"]
[Round "2.3"]
[Board "3"]
[White "Warmerdam, Max"]
[Black "Fressinet, Laurent"]
[Result "0-1"]
[WhiteTitle "GM"]
[BlackTitle "GM"]
[WhiteElo "2617"]
[BlackElo "2622"]
[WhiteTeam "Netherlands"]
[BlackTeam "France"]
[WhiteFideId "1048104"]
[BlackFideId "608742"]
[EventDate "2022.11.20"]

1. c4 e6 2. Nc3 c5 3. Nf3 Nf6 4. g3 b6 5. Bg2 Bb7 6. O-O Be7 7. d4 cxd4 8. Qxd4
O-O 9. Rd1 Qc8 10. b3 d5 11. cxd5 Nxd5 12. Nxd5 Bxd5 13. Bg5 Nc6 14. Qh4 f6 15.
Be3 Qb7 16. Rac1 Rad8 17. Qh3 f5 18. Ng5 Bxg5 19. Bxg5 Bxg2 20. Qxg2 Rxd1+ 21.
Rxd1 h6 22. Bf4 Rd8 23. Rc1 Rc8 24. g4 Nd8 25. Rxc8 Qxc8 26. gxf5 exf5 27. Bxh6
Ne6 28. Bd2 Qd7 29. Qg6 Nd4 30. Kf1 Nxb3 31. axb3 Qxd2 32. Qe6+ Kh8 33. Qc8+ Kh7
34. Qxf5+ Kg8 35. Qe6+ Kh7 36. h4 Qf4 37. Qc4 Qf6 38. e3 Kh6 39. Kg2 Kh5 40. Qe4
Kh6 41. Kg3 a5 42. Qd5 Qg6+ 43. Kh3 Qg1 44. Qe6+ g6 45. Qf6 Qh1+ 46. Kg3 Qg1+
47. Kf3 Qd1+ 48. Kg2 Kh7 49. Qf7+ Kh6 50. Qf6 Kh7 51. Qe6 b5 52. e4 a4 53. bxa4
bxa4 54. e5 Qd4 55. Qe7+ Kg8 56. Qe6+ Kh7 57. Qf7+ Kh6 58. Qf8+ Kh7 59. Qe7+ Kg8
60. Kf3 Qd3+ 61. Kg4 a3 62. Qe6+ Kg7 63. Qe7+ Kg8 64. Qe8+ Kg7 65. e6 Qf5+ 66.
Kg3 Qe5+ 67. Kg2 Qe4+ 68. Kg3 Qe5+ 69. Kf3 Qf5+ 70. Ke3 a2 71. Qe7+ Kh6 72. Qa3
Qe5+ 73. Kf3 a1=Q 74. Qf8+ Qg7 75. Qe8 Qaf6+ 76. Kg3 Qge7 0-1

[Event "13th World Teams Pool A"]
[Site "Jerusalem ISR"]
[Date "2022.11.20"]
[Round "2.3"]
[Board "4"]
[White "Lagarde, Maxime"]
[Black "Kevlishvili, Robby"]
[Result "0-1"]
[WhiteTitle "GM"]
[BlackTitle "GM"]
[WhiteElo "2573"]
[BlackElo "2536"]
[WhiteTeam "France"]
[BlackTeam "Netherlands"]
[WhiteFideId "662399"]
[BlackFideId "1040634"]
[EventDate "2022.11.20"]

1. e4 c5 2. Nf3 d6 3. Bb5+ Nd7 4. d4 cxd4 5. Nxd4 Nf6 6. O-O a6 7. Bd3 e6 8. c4
Be7 9. Nc3 O-O 10. Qe2 Ne5 11. Rd1 Qc7 12. Nf3 Bd7 13. Be3 Nxd3 14. Qxd3 b5 15.
cxb5 axb5 16. a3 Qb7 17. Bg5 Rfd8 18. b4 h6 19. Bh4 Rac8 20. Nd2 Bc6 21. Nb3 g5
22. Na5 Qa8 23. Bg3 Bxe4 24. Nxe4 Nxe4 25. Re1 Bf6 26. Rad1 d5 27. f3 Nxg3 28.
hxg3 Qb8 29. g4 Rc3 30. Qe2 Rdc8 31. Qf2 Rxa3 32. Rc1 Rxc1 33. Rxc1 Qf4 34. Rd1
Ra1 35. Rxa1 Bd4 36. Nc6 Bxf2+ 37. Kxf2 Qc4 38. Ra6 d4 39. Ne5 Qc2+ 40. Kg3 Qc7
41. f4 gxf4+ 42. Kxf4 f6 0-1

[Event "13th World Teams Pool A"]
[Site "Jerusalem ISR"]
[Date "2022.11.21"]
[Round "3.1"]
[Board "1"]
[White "Vachier-Lagrave, Maxime"]
[Black "Santos Latasa, Jaime"]
[Result "1-0"]
[WhiteTitle "GM"]
[BlackTitle "GM"]
[WhiteElo "2736"]
[BlackElo "2665"]
[WhiteTeam "France"]
[BlackTeam "Spain"]
[WhiteFideId "623539"]
[BlackFideId "2293307"]
[EventDate "2022.11.20"]

1. d4 Nf6 2. c4 e6 3. Nc3 Bb4 4. Nf3 d5 5. Qa4+ Nc6 6. e3 O-O 7. Qc2 Re8 8. Bd2
Bf8 9. Be2 Nb4 10. Qb1 dxc4 11. Bxc4 b6 12. a3 Ba6 13. Be2 Bxe2 14. Nxe2 Nbd5
15. e4 Ne7 16. O-O Ng6 17. e5 Nd5 18. Qe4 f5 19. exf6 Qxf6 20. Nc3 Nxc3 21. bxc3
Qf5 22. Rfe1 Bd6 23. a4 h6 24. g3 Kf7 25. Kg2 Qxe4 26. Rxe4 e5 27. d5 c6 28.
dxc6 Rac8 29. a5 Rxc6 30. axb6 axb6 31. Rae1 Bc7 32. h4 Rce6 33. Be3 Nf8 34. Rc4
R8e7 35. Rb1 Nh7 36. Rcb4 Rc6 37. c4 Nf6 38. Nd2 Ree6 39. Kf3 e4+ 40. Ke2 Ng4
41. Ra4 Kg6 42. Rb5 Bd6 43. h5+ Kh7 44. Rxb6 Rxb6 45. Bxb6 Bxg3 46. fxg3 Rxb6
47. Nxe4 Rb3 48. c5 Ne5 49. Ra8 Rb4 50. Ke3 Rc4 51. Re8 Nc6 52. Kf4 Rd4 53. g4
Rd5 54. g5 1-0

[Event "13th World Teams Pool A"]
[Site "Jerusalem ISR"]
[Date "2022.11.21"]
[Round "3.1"]
[Board "2"]
[White "Anton Guijarro, David"]
[Black "Moussard, Jules"]
[Result "1-0"]
[WhiteTitle "GM"]
[BlackTitle "GM"]
[WhiteElo "2668"]
[BlackElo "2676"]
[WhiteTeam "Spain"]
[BlackTeam "France"]
[WhiteFideId "2285525"]
[BlackFideId "642908"]
[EventDate "2022.11.20"]

1. d4 Nf6 2. c4 e6 3. Nc3 d5 4. Bg5 Be7 5. e3 h6 6. Bh4 O-O 7. Nf3 b6 8. Qb3 Bb7
9. Bxf6 Bxf6 10. cxd5 exd5 11. Rd1 Re8 12. Be2 c6 13. O-O Nd7 14. h3 Be7 15. e4
Nf6 16. e5 Nh7 17. Bd3 Nf8 18. Ne2 Ne6 19. Bf5 Bf8 20. Bxe6 Rxe6 21. Rfe1 Re8
22. Nh2 c5 23. f4 Rc8 24. Qg3 Qd7 25. Ng4 Kh8 26. Kh2 a5 27. Ne3 a4 28. dxc5
Rxc5 29. a3 Rb5 30. Rd2 Bc5 31. Nd4 Bxd4 32. Rxd4 Rxb2 33. Nc4 Rb3 34. Qf2 Rf8
35. Nd6 f6 36. Qd2 Bc6 37. Qc2 fxe5 38. fxe5 Rxa3 39. Qg6 Rf2 40. Kg1 Raa2 41.
Rg4 Qe7 42. Nf5 Rxf5 43. Qxf5 d4 44. e6 Kg8 45. Rc1 Be8 46. Rxd4 Re2 47. Re4
Rxe4 48. Qxe4 a3 49. Rc8 b5 50. Qc6 Kf8 51. Qf3+ Kg8 52. Qc6 Kf8 53. Qxb5 Qxe6
54. Qb4+ Kg8 55. Ra8 Qe3+ 56. Kh2 Qe5+ 57. Kh1 Qa1+ 58. Kh2 Qe5+ 59. Kg1 Qe3+
60. Kh1 Qc1+ 61. Kh2 Qc7+ 62. Kg1 Qc1+ 63. Kf2 Qc2+ 64. Ke3 Qc1+ 65. Qd2 Qc5+
66. Qd4 Qc6 67. Qe4 Qxe4+ 68. Kxe4 Kf7 69. Ra7+ Kf6 70. Kf4 g5+ 71. Ke3 h5 72.
g3 Bb5 73. Kf2 Bc4 74. Rxa3 Be6 75. Ra6 Ke5 76. Ra5+ Kf6 77. Kg2 Bd7 78. Kh2 Be6
79. Ra4 Bd7 80. h4 gxh4 81. Rxh4 Bg4 82. Kg2 Ke5 83. Kf2 Kd4 84. Rh1 Ke4 85. Ra1
Kf5 86. Ke3 h4 87. gxh4 Kg6 88. Kf4 Be2 89. Ra2 Bc4 90. Rc2 Bd3 91. Rc5 Be2 92.
Rd5 Kh6 93. Rd2 Bc4 94. Rd6+ Kh5 95. Rd8 Kh6 96. Rd4 Be2 97. Re4 Bd1 98. Re5 Kg6
99. Re1 Bc2 100. Re6+ Kh5 101. Re5+ Kg6 102. Re2 Bd1 103. Rd2 Bb3 104. Kg4 Be6+
105. Kg3 Bb3 106. Rd4 Bc2 107. Rd6+ Kh5 108. Rd5+ Kg6 109. Kg4 Kf6 110. Rd6+ Kf7
111. Kg5 Bb1 112. Rd4 Bc2 113. Kh6 Bb1 114. Rf4+ Kg8 115. Rg4+ Kf7 116. Rg7+ Kf8
117. Rg5 Kf7 118. Kh5 Bc2 119. Kg4 Bd1+ 120. Kf4 Bc2 121. Ke5 Bd3 122. h5 Bc2
123. h6 Bg6 124. Rg3 1-0

[Event "13th World Teams Pool A"]
[Site "Jerusalem ISR"]
[Date "2022.11.21"]
[Round "3.1"]
[Board "3"]
[White "Fressinet, Laurent"]
[Black "Shirov, Alexei"]
[Result "1/2-1/2"]
[WhiteTitle "GM"]
[BlackTitle "GM"]
[WhiteElo "2622"]
[BlackElo "2666"]
[WhiteTeam "France"]
[BlackTeam "Spain"]
[WhiteFideId "608742"]
[BlackFideId "2209390"]
[EventDate "2022.11.20"]

1. d4 Nf6 2. c4 g6 3. Nc3 d5 4. cxd5 Nxd5 5. e4 Nxc3 6. bxc3 Bg7 7. Be3 c5 8.
Rc1 Qa5 9. Qd2 cxd4 10. cxd4 Qxd2+ 11. Bxd2 O-O 12. Nf3 Bg4 13. Be3 Nc6 14. d5
Bxf3 15. gxf3 Nd4 16. Bh3 f5 17. Rc7 Nxf3+ 18. Ke2 Nd4+ 19. Kd3 fxe4+ 20. Kxe4
Nf5 21. Bxf5 gxf5+ 22. Kf3 Rf7 23. Rxb7 e6 24. Rxf7 Kxf7 25. Rb1 exd5 26. Rb7+
Kg6 27. Rxa7 Rc8 28. Rd7 d4 29. Rd6+ Kh5 30. Bxd4 Bxd4 31. Rxd4 Rc3+ 32. Kg2 Ra3
33. Rd2 Kg4 34. h3+ Kg5 1/2-1/2

[Event "13th World Teams Pool A"]
[Site "Jerusalem ISR"]
[Date "2022.11.21"]
[Round "3.1"]
[Board "4"]
[White "Yuffa, Daniil"]
[Black "Gharamian, Tigran"]
[Result "1/2-1/2"]
[WhiteTitle "GM"]
[BlackTitle "GM"]
[WhiteElo "2587"]
[BlackElo "2601"]
[WhiteTeam "Spain"]
[BlackTeam "France"]
[WhiteFideId "24131423"]
[BlackFideId "13301527"]
[EventDate "2022.11.20"]

1. Nf3 d5 2. g3 Nf6 3. Bg2 e6 4. c4 Be7 5. O-O O-O 6. d4 dxc4 7. Qc2 a6 8. a4
Bd7 9. Rd1 Bc6 10. Bg5 Nbd7 11. Nbd2 b5 12. b3 Bxf3 13. Bxf3 cxb3 14. Nxb3 Nd5
15. Bxe7 Qxe7 16. Bxd5 exd5 17. axb5 axb5 18. Qxc7 Rxa1 19. Rxa1 Qb4 20. Qxd7
Qxb3 21. Qe7 Qb2 22. Ra5 Qxd4 23. Rxb5 g6 24. Kg2 Qe4+ 25. Qxe4 dxe4 26. g4 f5
27. gxf5 Rxf5 28. Rb8+ Kg7 29. h4 h5 30. e3 Re5 31. Kg3 Kf7 32. Rb6 Rf5 33. Rb4
Re5 34. Rb2 Rf5 35. Rb7+ Kf6 36. Rc7 Rf3+ 37. Kg2 Rf5 38. Rc4 Re5 39. Kg3 Kf7
40. Ra4 Kf6 41. Ra8 Kf7 42. Ra6 Rf5 43. Ra4 Re5 44. Ra2 Rf5 45. Rb2 Kf6 46. Rb4
Re5 47. Rc4 Kf7 48. Rd4 Kf6 49. Rd1 Rf5 50. Rd6+ Kf7 51. Rb6 Rf3+ 52. Kg2 Rf5
53. Kf1 Ra5 54. Kg1 Rf5 55. Kg2 Re5 56. Kg3 Rf5 57. Rb4 Re5 58. Ra4 Kf6 59. Ra6+
Kf7 60. Rb6 Rf5 61. Rb7+ Kf6 62. Ra7 Rf3+ 63. Kg2 Rf5 64. Rb7 Re5 65. Rc7 Rf5
66. Rc4 Re5 67. Kg3 Kf7 68. Ra4 Kf6 69. Rb4 Kf7 70. f4 exf3 71. Kxf3 g5 72. hxg5
Rxg5 73. Rb6 Rf5+ 74. Kg3 Rf6 75. Rxf6+ Kxf6 76. Kh4 Ke5 77. Kxh5 Ke4 1/2-1/2

[Event "13th World Teams Pool A"]
[Site "Jerusalem ISR"]
[Date "2022.11.21"]
[Round "3.2"]
[Board "1"]
[White "Solomon, Kenny"]
[Black "Van Foreest, Jorden"]
[Result "0-1"]
[WhiteTitle "GM"]
[BlackTitle "GM"]
[WhiteElo "2355"]
[BlackElo "2690"]
[WhiteTeam "South Africa"]
[BlackTeam "Netherlands"]
[WhiteFideId "14300192"]
[BlackFideId "1039784"]
[EventDate "2022.11.20"]

1. d4 Nf6 2. c4 e6 3. Nf3 a6 4. Nc3 d5 5. cxd5 exd5 6. Bg5 Be6 7. e3 Nbd7 8. Bd3
c6 9. Qb3 Ra7 10. Qc2 Bd6 11. Bf4 Qc7 12. Bxd6 Qxd6 13. h3 O-O 14. O-O Re8 15.
a3 g6 16. Rfe1 Nb6 17. b4 Qe7 18. Qb2 Ne4 19. Nxe4 dxe4 20. Bxe4 Bxh3 21. Bd3
Be6 22. e4 Raa8 23. a4 Rad8 24. b5 axb5 25. axb5 c5 26. d5 c4 27. Bf1 Bg4 28.
Qd4 Qc7 29. Nh2 h5 30. Rac1 Rc8 31. Nxg4 hxg4 32. e5 Qc5 33. Qxg4 Qxd5 34. Rcd1
Qe6 35. Qf3 c3 36. Rc1 Nd5 37. Re4 Nf6 38. Re3 Ng4 39. Rexc3 Qxe5 40. g3 Qh8 41.
Bg2 Rxc3 42. Qxc3 Qh2+ 43. Kf1 Qh5 44. Qc4 Qf5 45. Rc2 Ne3+ 0-1

[Event "13th World Teams Pool A"]
[Site "Jerusalem ISR"]
[Date "2022.11.21"]
[Round "3.2"]
[Board "2"]
[White "Van Foreest, Lucas"]
[Black "Cawdery, Daniel"]
[Result "1-0"]
[WhiteTitle "GM"]
[BlackTitle "IM"]
[WhiteElo "2585"]
[BlackElo "2396"]
[WhiteTeam "Netherlands"]
[BlackTeam "South Africa"]
[WhiteFideId "1039792"]
[BlackFideId "14300249"]
[EventDate "2022.11.20"]

1. d4 Nf6 2. c4 c5 3. d5 b5 4. cxb5 a6 5. e3 g6 6. Nc3 Bg7 7. a4 O-O 8. e4 d6 9.
Nf3 axb5 10. Bxb5 Ba6 11. Bxa6 Nxa6 12. O-O Nd7 13. Rb1 Nb4 14. Nb5 c4 15. Nfd4
Nc5 16. Bd2 Nbd3 17. Nc6 Qd7 18. Bc3 e5 19. a5 Nxe4 20. Na3 Nxc3 21. bxc3 e4 22.
Nxc4 Rae8 23. a6 Qf5 24. a7 1-0

[Event "13th World Teams Pool A"]
[Site "Jerusalem ISR"]
[Date "2022.11.21"]
[Round "3.2"]
[Board "3"]
[White "Barrish, Daniel"]
[Black "Warmerdam, Max"]
[Result "0-1"]
[WhiteTitle "FM"]
[BlackTitle "GM"]
[WhiteElo "2257"]
[BlackElo "2617"]
[WhiteTeam "South Africa"]
[BlackTeam "Netherlands"]
[WhiteFideId "14304600"]
[BlackFideId "1048104"]
[EventDate "2022.11.20"]

1. d4 d5 2. c4 e6 3. Nc3 a6 4. cxd5 exd5 5. Bf4 Nf6 6. e3 Bd6 7. Bg5 c6 8. Bd3
O-O 9. Qc2 h6 10. Bh4 Re8 11. Nge2 a5 12. h3 Na6 13. a3 Nc7 14. O-O Ne6 15. Rab1
Ng5 16. Kh1 Bd7 17. Ng3 Qc8 18. f4 Ngh7 19. e4 dxe4 20. Ngxe4 Be7 21. Nf2 Nf8
22. f5 N8h7 23. Rbe1 Qc7 24. Re5 Qb6 25. Rfe1 Qxd4 26. Rxe7 Qxh4 27. Qb3 Ng5 28.
Bc4 Rxe7 29. Rxe7 Qxf2 30. Qxb7 Re8 31. Rxe8+ Bxe8 0-1

[Event "13th World Teams Pool A"]
[Site "Jerusalem ISR"]
[Date "2022.11.21"]
[Round "3.2"]
[Board "4"]
[White "Kevlishvili, Robby"]
[Black "Mhango, Banele"]
[Result "1-0"]
[WhiteTitle "GM"]
[BlackTitle "FM"]
[WhiteElo "2536"]
[BlackElo "2210"]
[WhiteTeam "Netherlands"]
[BlackTeam "South Africa"]
[WhiteFideId "1040634"]
[BlackFideId "14327040"]
[EventDate "2022.11.20"]

1. e4 c5 2. Nf3 d6 3. d4 cxd4 4. Nxd4 Nf6 5. Nc3 a6 6. Be3 e5 7. Nf3 Qc7 8. a4
Be7 9. Be2 O-O 10. a5 h6 11. O-O Be6 12. Nd5 Bxd5 13. exd5 Nbd7 14. c4 Rfe8 15.
b4 Bf8 16. h3 Nh5 17. Re1 g6 18. Rc1 Kh7 19. Nd2 Ng7 20. Bd3 f5 21. Nb3 f4 22.
Qg4 e4 23. Bb6 Nxb6 24. axb6 Qf7 25. Bxe4 Re5 26. Bd3 Rae8 27. Rxe5 dxe5 28. Nc5
Bxc5 29. bxc5 e4 30. Bb1 h5 31. Qg5 e3 32. fxe3 fxe3 33. Rf1 e2 34. Rxf7 e1=Q+
35. Rf1 1-0

[Event "13th World Teams Pool A"]
[Site "Jerusalem ISR"]
[Date "2022.11.21"]
[Round "3.3"]
[Board "1"]
[White "Lu, Shanglei"]
[Black "Ivanchuk, Vasyl"]
[Result "1/2-1/2"]
[WhiteTitle "GM"]
[BlackTitle "GM"]
[WhiteElo "2605"]
[BlackElo "2673"]
[WhiteTeam "China"]
[BlackTeam "Ukraine"]
[WhiteFideId "8603332"]
[BlackFideId "14100010"]
[EventDate "2022.11.20"]

1. e4 e5 2. Nf3 Nf6 3. d4 Nxe4 4. dxe5 Bc5 5. Bc4 Nxf2 6. Bxf7+ Kxf7 7. Qd5+ Kg6
8. Qxc5 Nxh1 9. Nc3 h6 10. Qc4 Nc6 11. Nh4+ Kh7 12. Qe4+ Kg8 13. Qd5+ Kh7 14.
Qe4+ Kg8 15. Qd5+ 1/2-1/2

[Event "13th World Teams Pool A"]
[Site "Jerusalem ISR"]
[Date "2022.11.21"]
[Round "3.3"]
[Board "2"]
[White "Shevchenko, Kirill"]
[Black "Xu, Xiangyu"]
[Result "1/2-1/2"]
[WhiteTitle "GM"]
[BlackTitle "GM"]
[WhiteElo "2649"]
[BlackElo "2577"]
[WhiteTeam "Ukraine"]
[BlackTeam "China"]
[WhiteFideId "14129574"]
[BlackFideId "8608288"]
[EventDate "2022.11.20"]

1. e4 c5 2. Nf3 Nc6 3. Nc3 e6 4. d4 cxd4 5. Nxd4 Nf6 6. Ndb5 Bb4 7. a3 Bxc3+ 8.
Nxc3 d5 9. Bd3 dxe4 10. Nxe4 Nxe4 11. Bxe4 Qxd1+ 12. Kxd1 Bd7 13. b3 O-O-O 14.
Bb2 Nd4 15. Bxd4 Bc6 16. Bxc6 Rxd4+ 17. Ke2 bxc6 18. Rhd1 Rd5 19. Rd3 Rhd8 20.
Rad1 Kc7 21. f4 a5 22. c4 Rxd3 23. Rxd3 Rb8 24. Kd2 c5 25. Kc3 Kc6 26. Rd2 h5
27. g3 g6 28. Rd1 Ra8 29. Rd2 Re8 30. b4 axb4+ 31. axb4 cxb4+ 32. Kxb4 Rb8+ 33.
Kc3 Ra8 34. Kd4 Rd8+ 35. Ke3 Ra8 36. Kd4 Rd8+ 37. Ke3 Ra8 1/2-1/2

[Event "13th World Teams Pool A"]
[Site "Jerusalem ISR"]
[Date "2022.11.21"]
[Round "3.3"]
[Board "3"]
[White "Bai, Jinshi"]
[Black "Volokitin, Andrei"]
[Result "1-0"]
[WhiteTitle "GM"]
[BlackTitle "GM"]
[WhiteElo "2569"]
[BlackElo "2663"]
[WhiteTeam "China"]
[BlackTeam "Ukraine"]
[WhiteFideId "8602280"]
[BlackFideId "14107090"]
[EventDate "2022.11.20"]

1. d4 Nf6 2. Nf3 d5 3. g3 Bf5 4. c4 e6 5. Nc3 h6 6. Bf4 c6 7. Qb3 Qb6 8. c5 Qxb3
9. axb3 Nbd7 10. b4 g5 11. Be3 Ne4 12. Nxe4 Bxe4 13. Rg1 Bg7 14. Nd2 Bc2 15. Rc1
Ba4 16. Ra1 Bc2 17. Rc1 Ba4 18. Ra1 Bb5 19. f4 Nf6 20. h3 g4 21. h4 Ke7 22. Bf2
b6 23. e3 Bxf1 24. Rxf1 Rhb8 25. Ke2 bxc5 26. bxc5 Rxb2 27. Rfb1 Rxb1 28. Nxb1
Ne4 29. Be1 Kd7 30. Nc3 Nxc3+ 31. Bxc3 Bf6 32. h5 Bd8 33. Ba5 Bxa5 34. Rxa5 a6
35. Kd3 Ke7 36. Ra1 a5 37. Ra4 Kf6 38. e4 dxe4+ 39. Kxe4 Ra7 40. Kd3 Kf5 41. Ke3
Ra8 42. Kd3 Rb8 43. Rxa5 Rb3+ 44. Ke2 Rxg3 45. Ra6 Kxf4 46. Rxc6 Re3+ 47. Kd2 g3
48. Rc7 f5 49. Rg7 Re4 50. Kd3 Re1 51. Kd2 Ra1 52. c6 Ra6 53. c7 Rc6 54. Ke2
Rc2+ 55. Kd3 Rc1 56. Kd2 Rxc7 57. Rxc7 g2 58. Rg7 Kf3 59. Ke1 f4 60. Rg6 1-0

[Event "13th World Teams Pool A"]
[Site "Jerusalem ISR"]
[Date "2022.11.21"]
[Round "3.3"]
[Board "4"]
[White "Kovalenko, Igor"]
[Black "Li, Di"]
[Result "0-1"]
[WhiteTitle "GM"]
[BlackTitle "GM"]
[WhiteElo "2674"]
[BlackElo "2539"]
[WhiteTeam "Ukraine"]
[BlackTeam "China"]
[WhiteFideId "14117908"]
[BlackFideId "8607508"]
[EventDate "2022.11.20"]

1. c4 e6 2. Nc3 d5 3. d4 Nf6 4. Bg5 Be7 5. e3 Nbd7 6. Nf3 h6 7. Bh4 O-O 8. Rc1
c5 9. dxc5 Nxc5 10. cxd5 g5 11. Bg3 Nxd5 12. Nxd5 Qxd5 13. Qxd5 exd5 14. Be5 Bf5
15. Rd1 f6 16. Bc3 Rfd8 17. Nd4 Bd7 18. Bd3 Nxd3+ 19. Rxd3 Rac8 20. O-O Kf7 21.
Rfd1 h5 22. a3 b6 23. f3 h4 24. Kf2 a5 25. Ne2 Be6 26. Bd4 Rd6 27. Rb3 Rc2 28.
Ke1 Bd7 29. Rd2 Rxd2 30. Kxd2 Bd8 31. Nc3 Ke6 32. Nb5 Rc6 33. Nc3 Rc4 34. a4
Bxa4 35. Nxa4 Rxa4 36. Bxb6 Be7 37. Bd4 Bb4+ 38. Ke2 Ra1 39. Bc3 Bxc3 40. Rxc3
h3 41. Kf2 Ra2 42. gxh3 Rxb2+ 43. Kg3 a4 44. Rc6+ Ke5 45. Ra6 Rb4 46. Kf2 f5 47.
Ra8 f4 48. exf4+ Kxf4 49. Ke2 Rb2+ 50. Kd3 Rxh2 51. Rf8+ Ke5 52. Rg8 Kf6 53.
Rf8+ Ke6 54. Re8+ Kd6 55. Rg8 Rxh3 56. Rxg5 Rxf3+ 57. Kd4 Rf4+ 58. Kc3 Kc5 59.
Rg8 Rf3+ 60. Kc2 a3 61. Rc8+ Kd4 62. Ra8 Rf2+ 63. Kb1 Rb2+ 64. Ka1 Rb3 65. Ka2
Rc3 66. Rh8 Kc4 67. Rc8+ Kd3 68. Rh8 d4 69. Rh3+ Kc4 70. Rh4 Rg3 71. Rh8 d3 72.
Rc8+ Kb4 73. Rb8+ Kc3 74. Rc8+ Kd2 75. Kxa3 Kd1 76. Kb2 d2 77. Re8 Rg5 0-1

[Event "13th World Teams Pool A"]
[Site "Jerusalem ISR"]
[Date "2022.11.21"]
[Round "4.1"]
[Board "1"]
[White "Santos Latasa, Jaime"]
[Black "Ivanchuk, Vasyl"]
[Result "1/2-1/2"]
[WhiteTitle "GM"]
[BlackTitle "GM"]
[WhiteElo "2665"]
[BlackElo "2673"]
[WhiteTeam "Spain"]
[BlackTeam "Ukraine"]
[WhiteFideId "2293307"]
[BlackFideId "14100010"]
[EventDate "2022.11.20"]

1. e4 e5 2. Nf3 Nc6 3. Bb5 a6 4. Ba4 Nf6 5. O-O Be7 6. Re1 b5 7. Bb3 O-O 8. h3
Bb7 9. d3 h6 10. c4 d6 11. Nc3 Na5 12. cxb5 axb5 13. Nxb5 Nxb3 14. Qxb3 Rb8 15.
a4 Ba6 16. Qc2 Bxb5 17. axb5 Rxb5 18. d4 Qb8 19. Ra4 Rc8 20. Re2 Qb7 21. dxe5
dxe5 22. Be3 Bb4 23. Bd2 Bxd2 24. Rxd2 Rb4 25. Rxb4 Qxb4 26. Nxe5 Qxe4 27. Qxe4
Nxe4 28. Rd4 Nd6 29. Nc4 Nxc4 30. Rxc4 Kf8 31. Kf1 Ke8 32. Ke2 Rb8 33. Rxc7
Rxb2+ 1/2-1/2

[Event "13th World Teams Pool A"]
[Site "Jerusalem ISR"]
[Date "2022.11.21"]
[Round "4.1"]
[Board "2"]
[White "Shevchenko, Kirill"]
[Black "Anton Guijarro, David"]
[Result "1-0"]
[WhiteTitle "GM"]
[BlackTitle "GM"]
[WhiteElo "2649"]
[BlackElo "2668"]
[WhiteTeam "Ukraine"]
[BlackTeam "Spain"]
[WhiteFideId "14129574"]
[BlackFideId "2285525"]
[EventDate "2022.11.20"]

1. Nf3 d5 2. c4 e6 3. g3 dxc4 4. Qa4+ Nd7 5. Qxc4 a6 6. Bg2 b5 7. Qc2 Bb7 8. a4
c5 9. Nc3 Qb6 10. O-O Ngf6 11. d3 Be7 12. axb5 axb5 13. Rxa8+ Bxa8 14. Qb3 b4
15. Nd1 Qa6 16. Ne3 O-O 17. Nc4 Bd5 18. Qc2 Qa2 19. Bf4 Bxc4 20. dxc4 Nb6 21.
Nd2 Nfd7 22. Nb3 Bf6 23. Rb1 Qa6 24. Bc6 Qc8 25. Qe4 Be7 26. Bb5 Nf6 27. Qf3 h6
28. Na5 Nfd7 29. Rd1 e5 30. Be3 Nb8 31. Qb7 Qe6 32. Nb3 Nxc4 33. Nxc5 Qb6 34.
Bxc4 1-0